logo

Bir Sreshtho Munshi Abdur Rouf Library
Jhenaidah Cadet College

ভুলুর সমুদ্র পাড়ি / (Record no. 1348)

MARC details
000 -LEADER
fixed length control field 00667nam a2200229 a 4500
001 - CONTROL NUMBER
JCCL Control Number 1348
003 - CONTROL NUMBER IDENTIFIER
JCCL marc code BD-JhCC
005 - DATE AND TIME OF LATEST TRANSACTION
control field 20171019093124.0
008 - FIXED-LENGTH DATA ELEMENTS--GENERAL INFORMATION
fixed length control field 171018s2006 bg ||||| ||a| 000 0 ben d
020 ## - INTERNATIONAL STANDARD BOOK NUMBER
International Standard Book Number 9844125367
035 ## - SYSTEM CONTROL NUMBER
system control number (BD-JhCC)1348
040 ## - CATALOGING SOURCE
Original cataloging agency BD-JhCC
Modifying agency BD-JhCC
041 ## - LANGUAGE CODE
Language code of Book ben
082 ## - DEWEY DECIMAL CLASSIFICATION NUMBER
Classification number 741.5952
Author mark and Year ASF 2006
100 ## - MAIN ENTRY--PERSONAL NAME
Personal name আশরাফী, শহীদ
245 ## - TITLE STATEMENT
Title ভুলুর সমুদ্র পাড়ি /
Statement of responsibility, etc শহীদ আশরাফী
260 ## - PUBLICATION, DISTRIBUTION, ETC. (IMPRINT)
Place of publication, distribution, etc ঢাকা :
Name of publisher, distributor, etc অন্যান্য প্রকাশনী,
Date of publication, distribution, etc ২০০৬.
300 ## - PHYSICAL DESCRIPTION
Pagination 46 p. :
Dimensions 21 cm.
650 ## - SUBJECT ADDED ENTRY--TOPICAL TERM
Topical term or geographic name as entry element Travel
942 ## - ADDED ENTRY ELEMENTS (KOHA)
Source of classification or shelving scheme Dewey Decimal Classification
Koha item type Books
Holdings
Source of classification or shelving scheme Damaged status Not for loan Home library Current library Shelving location Date of accession Source of acquisition Cost, normal purchase price Total Checkouts Full call number Barcode Date last seen Copy number Koha item type
Dewey Decimal Classification     JCC Rouf Library JCC Rouf Library Reference 10/18/2017 Fundation of the Tenth's Efforts 50.00   741.5952 ASF 2006 2319 10/18/2017 C-1 Books

JCC Library | Contacts | JCC Home

Last Update on 23 September 2017
Copyright @ 2017-2020 JCC Rouf Library
Rouf Library, Jhenidah Cadet College (JCC), Bangladesh